| 000 | 00765nam a2200253 a 4500 | ||
|---|---|---|---|
| 001 | 27539 | ||
| 003 | BD-RjUL | ||
| 005 | 20211209051152.0 | ||
| 008 | 140325s1989 ii b 001 0 eng d | ||
| 035 |
_aOCLC 20826187 from eko054 _a(BD-RjUL) 27613 |
||
| 040 |
_aDLC _cDLC _beng _dBD-RjUL |
||
| 041 | _aeng | ||
| 082 |
_a954.13 _220 _bSAH 1989 |
||
| 100 | 1 |
_aSamal, J. K., _d1943- _984596 |
|
| 245 | 1 | 0 |
_aHistory of modern Orissa / _cJ.K. Samal |
| 260 |
_aCalcutta : _bFirma KLM, _c1989. |
||
| 300 |
_avi, 188 p. ; _c22 cm |
||
| 504 | _aIncludes bibliographical references (p. [181]-184) and index. | ||
| 650 |
_aOrissa (India) _984597 |
||
| 651 | 0 |
_aOrissa (India) _xHistory _984598 |
|
| 942 |
_2ddc _cBK |
||
| 999 |
_c27539 _d27539 |
||